000
00327 a2200157 4500
001
182609
020
_a
040
_c
Magnum
100
_a
Fitzgerad, F. Scott
240
1
0
_a
O grande Gatsby
_l
por
245
1
0
_a
O grande Gatsby
300
_a
158
362
0
_a
2003
697
_a
LITERATURA GERAL ESTRANGEIRA
942
_c
BK
999
_c
182609
_d
182609